Library of the University of Algiers 3
Ibrahim Sultan Cheibout
شعار جامعة الجزائر 3
مكتبة جامعة الجزائر 3
إبراهيم سلطان شيبوط

نظريات الفئة وموضوعات مرتبطة بها / (رقم التسجيلة. 45453)

تفاصيل مارك
000 -LEADER
fixed length control field 01247nam a2200253Ia 4500
003 - CONTROL NUMBER IDENTIFIER
control field Ost
005 - DATE AND TIME OF LATEST TRANSACTION
control field 20260507075644.0
008 - FIXED-LENGTH DATA ELEMENTS--GENERAL INFORMATION
fixed length control field 260507s9999||||xx |||||||||||||| ||und||
020 ## - INTERNATIONAL STANDARD BOOK NUMBER
International Standard Book Number 8765107977
040 ## - CATALOGING SOURCE
Transcribing agency fsecg
041 ## - LANGUAGE CODE
Language code of text/sound track or separate title ara
082 ## - DEWEY DECIMAL CLASSIFICATION NUMBER
Classification number 510.01
100 ## - MAIN ENTRY--PERSONAL NAME
Personal name ليبشتز، سيمور
Relator term مؤلف
245 #0 - TITLE STATEMENT
Title نظريات الفئة وموضوعات مرتبطة بها /
Statement of responsibility, etc. سيمور ليبشتز
250 ## - EDITION STATEMENT
Edition statement طبعة 2
260 ## - PUBLICATION, DISTRIBUTION, ETC.
Place of publication, distribution, etc. القاهرة:
Name of publisher, distributor, etc. الدار الدولية للإستثمارات الثقافية,
Date of publication, distribution, etc. 2001
300 ## - PHYSICAL DESCRIPTION
Extent 404 صفحة؛
Other physical details إيضاحات ؛
Dimensions 27 سم
490 ## - SERIES STATEMENT
Series statement سلسلة ملخصات شوم
520 ## - SUMMARY, ETC.
Summary, etc. النظرية الأولية للفئات، الفئات والفئات الجزئية، عمليات الفئة الأساسية، فئات الأعداد، الدوال، العلاقات، الأعداد الرئيسية والمرتبة الإستقرار الموغل، الموضوعات المرتبطة، جبر الإفتراضات، المقاييس، علم جبر بول ، الأسباب المنطقية
653 ## - INDEX TERM--UNCONTROLLED
Uncontrolled term الرياضيات
653 ## - INDEX TERM--UNCONTROLLED
Uncontrolled term المنطق
700 ## - ADDED ENTRY--PERSONAL NAME
Personal name حامد، عمار صلاح الدين
Relator term مؤلف ثانوي
942 ## - ADDED ENTRY ELEMENTS (KOHA)
Koha item type كتب
المقتنيات
Withdrawn status Lost status Source of classification or shelving scheme Damaged status Not for loan Home library Current library Date acquired Serial enumeration / chronology Inventory number Total checkouts Full call number Barcode Date last seen Price effective from Koha item type
    Dewey Decimal Classification   NOT LOAN / إعارة داخلية مكتبة كلية العلوم الإقتصادية والعلوم التجارية وعلوم التسيير مكتبة كلية العلوم الإقتصادية والعلوم التجارية وعلوم التسيير 07/05/2026 الطابق الأرضي 969/1   أ/969ن1 969/1 07/05/2026 07/05/2026 كتب
    Dewey Decimal Classification   Available مكتبة كلية العلوم الإقتصادية والعلوم التجارية وعلوم التسيير مكتبة كلية العلوم الإقتصادية والعلوم التجارية وعلوم التسيير 07/05/2026 الطابق الأرضي 969/2   أ/969ن2 969/2 07/05/2026 07/05/2026 كتب
    Dewey Decimal Classification   Available مكتبة كلية العلوم الإقتصادية والعلوم التجارية وعلوم التسيير مكتبة كلية العلوم الإقتصادية والعلوم التجارية وعلوم التسيير 07/05/2026 الطابق الثاني 969/3   أ/969ن3 969/3 07/05/2026 07/05/2026 كتب

موارد الويب المفتوحة


© University of Algiers 3 All Rights Reserved
|
Implemented by LECHELAH Riad